000 00766nam a22002295i 4500
001 176389
003 ES-MaACL
005 20250826083547.0
008 110112s1970 sp |||| | spa d
080 _a791.43.072.3
100 0 _aPozo, Mariano del.
_993541
245 1 3 _aEl cine y su crítica /
_cMariano del Pozo.
260 _aPamplona :
_bUniversidad de Navarra,
_cD. L. 1970.
300 _a162 p. ;
_c22 cm.
490 1 _aCuadernos de trabajo ;
_v12
504 _aBibliografía: p. 161-162.
650 0 7 _aCrítica cinematográfica
_2embne
_911445
710 2 _aUniversidad de Navarra.
_97252
830 0 0 _aCuadernos de trabajo (Universidad de Navarra)
_v12
_9190017
852 _aES-MaACL
_jE-14026
_xOlim P-428-Ter
999 _c176389
_d176389